| 000 | 00814nas a2200277 4500 | ||
|---|---|---|---|
| 001 | BR7304119 | ||
| 003 | BR-BrBNA | ||
| 005 | 20231205082504.0 | ||
| 007 | ta | ||
| 008 | 230509b bl.|||p| |||| 00| 00por d | ||
| 040 |
_aBR-BrBNA _bpor _cBiblioteca Nacional de Agricultura |
||
| 041 | _a(Pt) | ||
| 072 | _aF25 | ||
| 100 | 1 | _aBen, J.R. | |
| 100 | 1 | _aMorelli, M. | |
| 100 | 1 | _aEstefanel, V. | |
| 245 | 1 | _aInfluencia da calagem na toxidez de aluminio para plantas de cevada [Hordeum vulgare] | |
| 650 | _aFERTILIDADE DO SOLO | ||
| 650 | _aCEVADA | ||
| 650 | _aCALAGEM | ||
| 650 | _aTOXIDEZ | ||
| 650 | _aALUMINIO | ||
| 773 | 0 |
_tRevista do Centro de Ciencias Rurais (Brazil) _xISSN 0085-5901 _g(Jun 1976), v. 6(2) p. 177-189 _wBR7304119 |
|
| 909 |
_a202311 _bLúcia _c55 _dLúcia Elande |
||
| 942 |
_2AGRIS _n0 _cANA |
||
| 999 |
_c92245 _d92245 |
||